| 000 | 01047cam a2200289 i 4500 | ||
|---|---|---|---|
| 003 | SA-RiAUC | ||
| 005 | 20251117130907.0 | ||
| 008 | 251115s1997 su g 000r0 ara c | ||
| 040 |
_aSA-RiAUC _bara _cSA-RiAUC _erda |
||
| 043 | _aa-su--- | ||
| 082 | 0 | 4 | _a215.1 |
| 090 |
_a215.1 _bس ي د |
||
| 100 | 1 |
_aالسيد، مجدي فتحي. _eمؤلف. |
|
| 245 | 1 | 0 |
_aأسرار وفضائل الحجر الأسود / _cتأليف مجدي فتحي السيد. |
| 250 | _aالطبعة الأولى. | ||
| 264 | 1 |
_aالرياض : _bدار الراية، _c[1997] |
|
| 300 |
_a94 صفحة ؛ _c24سم |
||
| 336 |
_aنص _btxt _2rdacontent _3كتاب |
||
| 337 |
_aبدون وسيط _bn _2rdamedia |
||
| 338 |
_aمجلد _bnc _2rdacarrier |
||
| 610 | 2 | 7 |
_aالمسجد الحرام _2aucnm |
| 650 | 7 |
_aالأماكن المقدسة الإسلامية _zالسعودية _2aucsh |
|
| 650 | 7 |
_aالإسلام _xتاريخ _2aucsh |
|
| 650 | 7 |
_aالحجر الأسعد _2aucsh |
|
| 942 |
_2ddc _cBOOK _n0 |
||
| 949 |
_aSA-JeALM _d251115 _umohamedma123 _n1 |
||
| 999 |
_c13310 _d13310 |
||